| 000 | 00458nam a2200157 i 4500 | ||
|---|---|---|---|
| 001 | 77007 | ||
| 003 | ES-MaACL | ||
| 005 | 20230906173040.0 | ||
| 007 | t| | ||
| 008 | 041006s1969 sp ||||1| spa d | ||
| 100 | 1 |
_aGutiérrez, Enrique. _961044 |
|
| 245 | 1 | 0 |
_aSantuario de Hornuez / _cEnrique Gutiérrez. |
| 260 |
_a[Burgos : _bs.n., _c1969] ( _fHijos de Santiago Rodríguez) |
||
| 300 |
_a150 p., 5 lám. ; _c17 cm. |
||
| 852 |
_aES-MaACL _jC-36878 _bR.69767 |
||
| 999 |
_c77007 _d77007 |
||